000 01836cam a2200421 a 4500
001 57110
003 BJBSDDR
005 20240717120102.0
007 ta
008 030602s2003 nyu n e eng d
010 _z 77081618
020 _a0684801221
020 _a9780684801223
035 _a(OCoLC)ocm52352698
035 _a(OCoLC)52352698
037 _aGW061
_bRFBL
040 _aRFB
_cRFB
_dOCLCQ
_beng
041 _aeng
043 _anwcu---
050 1 4 _aPS 3515
_bH488o 2003
082 0 4 _a813.52
100 1 _aHemingway, Ernest,
_d1899-1961
_915710
245 1 4 _aThe old man and the sea /
_cErnest Hemingway.
260 _aNew York, N.Y. :
_bScribner,
_c2003.
300 _a127 pages ;
_c21 cm.
500 _aOriginally published: New York : Scribner Paperback Fiction, 1995, c1980. 1st Scribner Paperback Fiction ed.
520 _a[This novel] is one of [the author's] most enduring works. Told in language of great simplicity and power, it is the story of an old Cuban fisherman, down on his luck, and his supreme ordeal -- a relentless, agonizing battle with a giant marlin far out in the Gulf Stream. Here [the author] recasts, in ... contemporary style, the classic theme of courage in the face of defeat, of personal triumph won from loss. Written in 1952, this ... successful novella confirmed his power and presence in the literary world and played a large part in his winning the 1954 Nobel Prize for literature.-Back cover.
650 4 _aNovela estadounidense
_9201
650 4 _aCuentos de aventuras
_937289
650 4 _aLiteratura estadounidense
_91025
650 0 _aAmerican fiction
_y20th century.
650 0 _aFishers
_vFiction.
650 0 _aOlder men
_vFiction.
650 0 _aMale friendship
_vFiction.
651 0 _aCuba
_vFiction.
942 _2lcc
_cBK
946 _aLspaulino
999 _c34597
_d34597